[Event "GER-chT U20"]
[Site "Braunschweig"]
[Date "2019.12.27"]
[Round "2.8"]
[White "Habersetzer, Elyse"]
[Black "Fischer, Patrick"]
[Result "0-1"]
[WhiteElo "1650"]
[BlackElo "1604"]
[PlyCount "70"]
[EventDate "2019.12.27"]
[EventType "team-swiss"]
[EventRounds "7"]
[EventCountry "GER"]
[SourceTitle "CBM 194 Extra"]
[Source "ChessBase"]
[SourceDate "2020.03.31"]
[SourceVersion "1"]
[SourceVersionDate "2020.03.31"]
[SourceQuality "1"]
[WhiteTeam "Kleve Turm"]
[BlackTeam "Biberach"]
[WhiteTeamCountry "GER"]
[BlackTeamCountry "GER"]

1. d4 d5 2. e3 c6 3. Bd3 Nf6 4. f4 e6 5. Nf3 c5 6. c3 Nc6 7. 0-0 c4 8. Bc2 Be7 9. Nbd2 0-0 10. Ne5 Bd7 11. Rf3 g6 12. Rh3 b5 13. a3 Ne8 14. e4 f5 15. exd5 exd5 16. Re3 Nf6 17. Qe1 Ne4 18. g4 Bh4 19. Qe2 Bf2+ 20. Kh1 Bxe3 21. Qxe3 Nxd2 22. Nxc6 Bxc6 23. Qe6+ Rf7 24. gxf5 Bd7 25. Qxd5 Bxf5 26. Qxd8+ Rxd8 27. Bxf5 Nb3 28. Be6 Nxa1 29. Bxf7+ Kxf7 30. Kg2 Re8 31. Kf2 Nb3 32. Be3 Na5 33. d5 a6 34. Bc5 Nb7 35. Bb4 a5 0-1

[Event "GER-ch U16 Girls"]
[Site "Willingen"]
[Date "2016.05.20"]
[Round "8"]
[White "Habersetzer, Elyse"]
[Black "Ley, Sabrina"]
[Result "0-1"]
[WhiteElo "1510"]
[BlackElo "1699"]
[PlyCount "98"]
[EventDate "2016.05.15"]
[EventType "swiss"]
[EventRounds "9"]
[EventCountry "GER"]
[SourceTitle "CBM 172 Extra"]
[Source "ChessBase"]
[SourceDate "2016.06.21"]
[SourceVersion "1"]
[SourceVersionDate "2016.06.21"]
[SourceQuality "1"]

1. d4 Nf6 2. Nf3 g6 3. c4 Bg7 4. Nc3 0-0 5. e4 d6 6. h3 c5 7. d5 e6 8. Bd3 exd5 9. exd5 Re8+ 10. Be3 Nbd7 11. 0-0 Nh5 12. Qd2 Ne5 13. Nxe5 Bxe5 14. a4 b6 15. Rae1 Bd7 16. b3 Qc8 17. Ne4 f5 18. Nxd6 Bxd6 19. f4 Qc7 20. Rd1 Ng3 21. Rf2 Ne4 22. Bxe4 Rxe4 23. g3 Rae8 24. Re1 Qd8 25. Rff1 Bf8 26. Bf2 Bg7 27. Rxe4 Rxe4 28. Re1 Qe7 29. Kf1 Kf7 30. a5 Rxe1+ 31. Qxe1 Qxe1+ 32. Bxe1 b5 33. Bf2 Bf8 34. cxb5 Bxb5+ 35. Ke1 Ba6 36. Kd2 Bb7 37. Kc3 Bxd5 38. Kb2 Ke6 39. Kc3 Kd7 40. Be1 Kc6 41. h4 Kb5 42. Kb2 Bd6 43. Kc2 Bc7 44. Kb2 Bxa5 45. Bf2 Bb6 46. Be1 a5 47. Ka3 c4 48. bxc4+ Bxc4 49. Kb2 a4 0-1

[Event "GER-ch U16 Girls"]
[Site "Willingen"]
[Date "2016.05.17"]
[Round "4"]
[White "Habersetzer, Elyse"]
[Black "Christiansen, Anna"]
[Result "1-0"]
[WhiteElo "1510"]
[BlackElo "1463"]
[PlyCount "89"]
[EventDate "2016.05.15"]
[EventType "swiss"]
[EventRounds "9"]
[EventCountry "GER"]
[SourceTitle "CBM 172 Extra"]
[Source "ChessBase"]
[SourceDate "2016.06.21"]
[SourceVersion "1"]
[SourceVersionDate "2016.06.21"]
[SourceQuality "1"]

1. d4 Nf6 2. e3 g6 3. Bd3 Bg7 4. f4 d6 5. Nf3 Nbd7 6. 0-0 0-0 7. Nbd2 Re8 8. c3 e5 9. Qc2 Ng4 10. Nc4 exd4 11. exd4 Nf8 12. f5 d5 13. Na3 c6 14. Bg5 Qd6 15. Rae1 Bd7 16. h3 Nh6 17. f6 Bxf6 18. Bxh6 Re6 19. Bxf8 Kxf8 20. Rxe6 Bxe6 21. Qe2 Kg7 22. Ne5 a6 23. Ng4 Bxg4 24. Qxg4 Re8 25. Qf4 Qe7 26. Nc2 Qd8 27. Ne3 h5 28. Nc2 a5 29. Ne1 b6 30. Nf3 c5 31. dxc5 bxc5 32. Re1 Rxe1+ 33. Nxe1 Qb6 34. Qf2 Qb8 35. Bb1 d4 36. c4 Bg5 37. Qe2 Be3+ 38. Kh1 Kh6 39. Nd3 Qc7 40. Qf3 f5 41. Qd5 Kg5 42. Qxc5 Qd8 43. Qe5 a4 44. c5 Qc8 45. Qd6 1-0

[Event "GER-ch U16 Girls"]
[Site "Willingen"]
[Date "2016.05.16"]
[Round "3"]
[White "Halas, Julia"]
[Black "Habersetzer, Elyse"]
[Result "1-0"]
[WhiteElo "1777"]
[BlackElo "1510"]
[PlyCount "73"]
[EventDate "2016.05.15"]
[EventType "swiss"]
[EventRounds "9"]
[EventCountry "GER"]
[SourceTitle "CBM 172 Extra"]
[Source "ChessBase"]
[SourceDate "2016.06.21"]
[SourceVersion "1"]
[SourceVersionDate "2016.06.21"]
[SourceQuality "1"]

1. d4 d5 2. c4 c6 3. Nf3 e6 4. Nc3 Bd6 5. Bg5 f6 6. Bh4 Ne7 7. e3 0-0 8. cxd5 exd5 9. Bd3 Qe8 10. Bg3 Bxg3 11. hxg3 g6 12. Qc2 Nd7 13. Ne2 Rf7 14. 0-0-0 Nf8 15. Nh4 Bd7 16. Rh2 Rg7 17. Rdh1 Be6 18. Nf4 Bf7 19. Nf3 Rc8 20. Kb1 b5 21. g4 a5 22. g5 f5 23. g4 fxg4 24. Ne5 a4 25. Nxg4 Kh8 26. Nf6 Qd8 27. Nxg6+ Nexg6 28. Bxg6 Bxg6 29. Qxg6 Qe7 30. Qf5 Rc7 31. Rh6 b4 32. g6 a3 33. Nxh7 Nxh7 34. Rxh7+ Rxh7 35. Rxh7+ Qxh7 36. gxh7 Rxh7 37. Qf8# 1-0

[Event "GER-ch U16 Girls"]
[Site "Willingen"]
[Date "2016.05.15"]
[Round "1"]
[White "Sewald, Kathrin"]
[Black "Habersetzer, Elyse"]
[Result "1-0"]
[WhiteElo "1793"]
[BlackElo "1510"]
[PlyCount "77"]
[EventDate "2016.05.15"]
[EventType "swiss"]
[EventRounds "9"]
[EventCountry "GER"]
[SourceTitle "CBM 172 Extra"]
[Source "ChessBase"]
[SourceDate "2016.06.21"]
[SourceVersion "1"]
[SourceVersionDate "2016.06.21"]
[SourceQuality "1"]

1. e4 e6 2. f4 d5 3. e5 Ne7 4. d4 Nf5 5. Nf3 c5 6. c3 Bd7 7. Be2 Nc6 8. a4 Qb6 9. g4 Nh6 10. h3 a6 11. 0-0 f6 12. Kg2 Rg8 13. a5 Qc7 14. Bd3 f5 15. dxc5 Bxc5 16. b4 Be7 17. Be3 g6 18. g5 Nf7 19. h4 Na7 20. Nd4 Nd8 21. Qe2 Ndc6 22. Nb3 Nd8 23. Bb6 Qb8 24. Na3 Bc6 25. Nd4 Qc8 26. b5 axb5 27. Naxb5 Nxb5 28. Nxb5 Kf7 29. Nc7 Rb8 30. Kg3 Bd7 31. h5 Nc6 32. c4 dxc4 33. Bxc4 Nb4 34. Rfd1 Nc6 35. Qa2 gxh5 36. Rxd7 Qxd7 37. Bxe6+ Qxe6 38. Qxe6+ Kg7 39. Nd5 1-0